Règles du football: Vrai ou Faux? - Statistiques

Statistiques générales
  • Ce quiz a été pris 606 fois
  • Le résultat moyen est 11 sur 16
Statistiques - réponses
Question Réponse % Correct
Le recours à l’assistance vidéo à l’arbitrage est autorisé au football. Vrai ou faux ? Vrai
92%
Un but est accordé dès lors que le ballon touche la ligne de but. Vrai ou faux ? Faux
89%
Pour être homologué dans les compétitions officielles, le ballon de foot doit être noir et blanc. Vrai ou faux ? Faux
84%
Officiellement, un retourné acrobatique est une pratique interdite car jugée trop dangereuse. Vrai ou faux ? Faux
83%
Un corner est accordé lorsque le ballon, touché en dernier par un joueur de l’équipe qui attaque, franchit entièrement la ligne de but, sans qu’un but ait été marqué. Vrai ou faux ? Faux
75%
Un ballon de foot adéquat doit avoir une circonférence de 70 cm environ. Vrai ou faux ? Vrai
69%
La largeur officielle d’une cage de but est 7,32 m. Vrai ou faux ? Vrai
67%
L’équipement complet d’un arbitre de foot se compose d’un sifflet, un carton jaune et un carton rouge. Vrai ou faux ? Faux
65%
D'après le règlement officiel, les gardiens de but au foot peuvent jouer en pantalon de survêtement. Vrai ou faux ? Vrai
63%
La longueur d’un terrain de foot n’est pas toujours la même. Vrai ou faux ? Vrai
59%
Au foot, un contact entre le ballon et le bras ou la main d’un joueur constitue nécessairement une infraction. Vrai ou faux ? Faux
56%
Il est possible de remplacer le gardien de but par n’importe quel autre joueur autorisé lors d’une séance de tirs au but. Vrai ou faux ? Vrai
56%
Au football, en cas d’infraction de hors-jeu, l’arbitre accorde un coup franc indirect. Vrai ou faux ? Vrai
54%
Un joueur est en position de hors-jeu s’il se trouve plus près de la ligne de but adverse que le ballon et l’avant-dernier adversaire. Vrai ou faux ? Vrai
54%
Le gardien de but est le seul joueur à pouvoir toucher le ballon avec la main sur l’ensemble du terrain. Vrai ou faux ? Faux
52%
Lors d’un penalty, tous les joueurs autres que le tireur et le gardien de but doivent se trouver au minimum à 7,15 m. Vrai ou faux ? Faux
35%
Aucun quiz correspondant
Distribution des résultats
% des personnes avec chaque résultat
Percentile par nombre de réponses
Votre historique - résultats
Vous n’avez pas pris ce quiz